| 000 | 01059nam a22002657a 4500 | ||
|---|---|---|---|
| 003 | OSt | ||
| 005 | 20210730150224.0 | ||
| 008 | 210730t2010 ck ||||gr|||| 00| 0dspa d | ||
| 020 | _a9789588471341 | ||
| 040 |
_aCO-JMCR _cCO-JMCR |
||
| 041 | 0 | _aspa | |
| 082 | 0 | 4 |
_a170 / _bR457c _223 |
| 100 | 1 |
_aReyes, Alfonso, _eautor _931850 |
|
| 245 | 1 | 0 |
_aCartilla moral / _cAlfonso Reyes ; nota introductoria de Julio Paredes Castro |
| 260 |
_aBogotá : _bAlcaldía Mayor de Bogotá : _bSecretaría Distrital de Cultura, Recreación y Deporte : _bFundación Gilberto Alzate Avendaño, _c©2010 |
||
| 300 |
_a82 páginas ; _c17 cm. |
||
| 490 | 0 |
_aLibro al viento ; _v69 |
|
| 500 | _aIncluye datos biográficos del autor. | ||
| 505 | 0 | _aMi idea de la historia -- Lo mexicano y lo universal | |
| 650 | 1 | 4 |
_aÉtica _vEnsayos, conferencias, etc. _938935 |
| 650 | 2 | 4 |
_aAntropología _vEnsayos, conferencias, etc. _938936 |
| 650 | 2 | 4 |
_aSociología _vEnsayos, conferencias, etc. _938937 |
| 700 | 1 |
_aParedes Castro, Julio, _eautor introductor _914038 |
|
| 942 |
_2ddc _cBK |
||
| 999 |
_c15558 _d15558 |
||